000
00273nam a2200109Ia 4500
008
190216s9999||||xx |||||||||||||| ||und||
100
_a
Sundaram K P M
245
0
_a
Money Banking And International Trade
260
_b
Sulthan Chand&Sons
_c
1985
300
_a
772p
942
_c
BK
999
_c
9749
_d
9749